000 00298nam a22001457a 4500
008 230516b ||||| |||| 00| 0 eng d
020 _a0395827590
041 _aeng
080 _a94
082 _a94NAS
100 _a28
101 _aHISTORI
245 _aTHE CHIEF
_cNASAW.D
942 _2udc
_cBK
999 _c59742
_d59742